000 01574nam a2200205 a 4500
001 000045546
005 20201002052316.0
008 150414s2004 dr a 000 0 spa d
020 _a9945405055
040 _aDO-SdBNP
_bspa
_cBNPHU
082 _axxxx
_bxxxx
100 1 _aAlmánzar Rodríguez, Luis
_973606
245 1 3 _aEl juego, el juguete en la educación infantil /
_cadaptación Luis Almánzar Rodríguez ; ilustración Liubov Balanutsa de Javier.
260 _aSanto Domingo :
_bManatí,
_bCAJIR,
_c2004.
300 _axiii, 165 p. :
_bil. ;
_c24 cm.
504 _aIncluye bibliografías
505 0 _gCapítulo l
_aLa actitud del educador en la educación a través del juego --
_gCapítulo ll
_tUn modelo lúdico de intervención psicoeducativa para la educación infantil --
_gCapítulo lll
_tEl juego como instrumentode socialización --
_gCapítulo lV
_tUna propuesta psicopedagógica del juego para la educación infantil --
_gCapítulo V
_tEl juego y el juguete en los temas transversales --
_gCapítulo Vl
_tAplicaciones didácticas del juguete educativo en el proyecto cocurricular --
_gCapítulo Vll
_tJuego con lenguaje: El humor y el juego fomentan el ingenio y la creatividad --
_gCapítulo Vlll
_tLa integración por el juego desde una lúdoteca --
_gCapítulo lX
_tCompartiendo experiencias. La educación para la solidaridad como programa transversal en una lúdoteca --
_gCapítulo X
_tJuegos cooperativos para construir valores --
700 1 2 _aBalanutsa de Javier, Liubov,
_eil.
_973607
710 2 2 _aEl Consejo Asesor Internacional de la Juventud Rural (CAJIR)
_973608
999 _c45035
_d45035